Composers who changed history / (Record no. 126967)
[ view plain ]
| 000 -LEADER | |
|---|---|
| campo de control de longitud fija | 01789nam a22002417a 4500 |
| 003 - IDENTIFICADOR DE NÚMERO DE CONTROL | |
| campo de control | BJBSDDR |
| 005 - FECHA Y HORA DE LA ÚLTIMA TRANSACCIÓN | |
| campo de control | 20260430113901.0 |
| 007 - CAMPO FIJO DE DESCRIPCIÓN FÍSICA--INFORMACIÓN GENERAL | |
| campo de control de longitud fija | ta |
| 008 - DATOS DE LONGITUD FIJA--INFORMACIÓN GENERAL | |
| campo de control de longitud fija | 260430s2024 nyu||||| |||| 00| 0 eng d |
| 020 ## - NÚMERO INTERNACIONAL ESTÁNDAR DEL LIBRO | |
| Número Internacional Estándar del Libro | 9780744092806 |
| 020 ## - NÚMERO INTERNACIONAL ESTÁNDAR DEL LIBRO | |
| Número Internacional Estándar del Libro | 0744092809 |
| 040 ## - FUENTE DE CATALOGACIÓN | |
| Lengua de catalogación | spa |
| Centro/agencia transcriptor | BJBSDDR |
| 041 ## - CÓDIGO DE IDIOMA | |
| Código de lengua del texto/banda sonora o título independiente | eng |
| 050 ## - SIGNATURA TOPOGRÁFICA DE LA BIBLIOTECA DEL CONGRESO | |
| Número de ítem | C737 2024 |
| 245 00 - MENCIÓN DEL TÍTULO | |
| Título | Composers who changed history / |
| Mención de responsabilidad, etc. | DK Publishing, Inc, |
| 250 ## - MENCION DE EDICION | |
| Mención de edición | Second edition |
| 260 ## - PUBLICACIÓN, DISTRIBUCIÓN, ETC. | |
| Lugar de publicación, distribución, etc. | New York : |
| Nombre del editor, distribuidor, etc. | DK Publishing, |
| Fecha de publicación, distribución, etc. | 2024 |
| 300 ## - DESCRIPCIÓN FÍSICA | |
| Extensión | 328 pages : |
| Otras características físicas | illustrations ; |
| Dimensiones | 29 cm |
| 520 ## - RESUMEN, ETC. | |
| Sumario, etc. | Whether you have an interest in classical music and opera or you are a music student or musician, this book would be great for you. Composers Who Changed History places well-known composers in their historical and cultural context, allowing you to see how they came to influence music. <br/><br/>In this edition, you can find:<br/><br/>-An overview of the lives and works of around 80 of the world's most important composers - from the Middle Ages to the present<br/>-Eight pages of brand-new content with 12 new entries, including Joseph Bologne and Margaret Bonds<br/>-Lavishly illustrated with portraits of each composer, alongside photographs of their homes and studios, and original musical scores and personal correspondence<br/><br/>Each composer is Introduced with a realistic portrait and biographical entries which trace the friendships, loves, and rivalries that inspired and influenced them. Composers Who Changed History provides revealing insights into what drove each individual to create the musical masterpieces - symphonies, concertos and operatic scores - that changed the direction of classical music. Making the perfect gift for any classical music enthusiast or musician. |
| 710 1# - ENTRADA AGREGADA--NOMBRE DE ENTIDAD CORPORATIVA | |
| Nombre de entidad corporativa o nombre de jurisdicción como elemento de entrada | DK Publishing, Inc. |
| 9 (RLIN) | 25656 |
| 942 ## - ELEMENTOS DE ENTRADA SECUNDARIOS (KOHA) | |
| Fuente del sistema de clasificación o colocación | Clasificación de Library of Congress |
| Suprimir en OPAC | No |
| Tipo de ítem Koha | Libro |
| 946 ## - PROCESAMIENTO DE INFORMACIÓN LOCAL (OCLC) | |
| Iniciales del agente catalogador | cmc |
| Estatus retirado | Estado de pérdida | Fuente del sistema de clasificación o colocación | Estado de daño | No para préstamo | Colección | Biblioteca de origen | Biblioteca actual | Ubicación en estantería | Fecha de adquisición | Signatura topográfica completa | Código de barras | Visto por última vez | Copia número | Tipo de ítem Koha |
|---|---|---|---|---|---|---|---|---|---|---|---|---|---|---|
| Clasificación de Library of Congress | Automatización y Procesos Técnicos | Biblioteca Juan Bosch | Biblioteca Juan Bosch | Automatización y Procesos Técnicos (1er. Piso) | 30/04/2026 | C737 2024 | 00000199742 | 30/04/2026 | 1 | Libro |
